| 000 | 00447nam a22001337a 4500 | ||
|---|---|---|---|
| 020 | _a978-623-00-2427-6 | ||
| 084 | _a173-0326 ILH His Bo.1 | ||
| 100 | _aOsa Kurniawan Ilham | ||
| 245 | _aBeras Untuk India: Solidaritas Kemanusiaan Dalam Pusaran Revolusi Indonesia dan India 1945 - 1946 | ||
| 260 |
_aJakarta _bElex Media Komputindo _c2021 |
||
| 300 | _ai-xxv + 372 hlm | ||
| 650 |
_aHistory (Sejarah) _eH-I-S _vSolidaritas Kemanusiaan |
||
| 942 | _cBK | ||
| 999 |
_c25688 _d25679 |
||